[Event "ICS rated blitz match"]
[Site "204.178.125.65"]
[Date "2000.02.19"]
[Round "?"]
[White "PostModernist"]
[Black "Hossa"]
[Result "1/2-1/2"]
[WhiteElo "2512"]
[BlackElo "2450"]
[PlyCount "151"]

1. c4 e5 2. g3 Nf6 3. Nc3 Nc6 4. Nf3 d5 5. cxd5 Nxd5 6. d3 Bb4 7. Bd2 Be6 8.
Bg2 O-O 9. O-O Qf6 10. e4 Nb6 11. a3 Bg4 12. h3 Bxf3 13. Qxf3 Qxf3 14. Bxf3 Bc5
15. b4 Bd4 16. b5 Ne7 17. Rac1 Rad8 18. Ne2 Na8 19. Nxd4 Rxd4 20. Be2 Ng6 21.
h4 Re8 22. h5 Nf8 23. Kg2 h6 24. f3 Rdd8 25. Be3 Ne6 26. Bxa7 b6 27. a4 Re7 28.
a5 Nd4 29. Bd1 Nxb5 30. axb6 cxb6 31. Bxb6 Nxb6 32. Rb1 Nd5 33. exd5 Nc3 34.
Rb2 Nxd5 35. Re1 Kf8 36. Be2 Rc7 37. Ra1 Re8 38. Ra5 Nc3 39. Rc2 Kg8 40. Ra4
Nxa4 41. Rxc7 Nb6 42. Rc5 Nd7 43. Rb5 Kf8 44. Kf2 Nf6 45. Ra5 Nxh5 46. f4 Nxg3
47. Kxg3 exf4+ 48. Kf2 Rd8 49. Ra6 Rd4 50. Kf3 h5 51. Ra8+ Ke7 52. Ra5 f6 53.
Rxh5 g5 54. Rh7+ Ke6 55. Kg4 Rd8 56. Rh1 Ke5 57. Re1 Kd4 58. Bf1 Rd6 59. Kf5
Rb6 60. Re4+ Kc3 61. Re6 Rxe6 62. Kxe6 g4 63. Kd5 f5 64. Ke5 f3 65. Kf4 Kd4 66.
Kg3 Ke3 67. d4 Kxd4 68. Kf4 Kc3 69. Ba6 f2 70. Kxf5 g3 71. Bf1 Kd2 72. Bg2 Ke3
73. Kg4 f1=Q 74. Bxf1 Kf2 75. Bh3 Kg1 76. Kxg3 1/2-1/2

[Event "ICS Rated standard match"]
[Site "204.178.125.65"]
[Date "2000.02.19"]
[Round "?"]
[White "JaimeK"]
[Black "Hossa"]
[Result "0-1"]
[WhiteElo "1823"]
[BlackElo "2205"]
[PlyCount "136"]

1. d4 c6 2. c4 Nf6 3. Nc3 d6 4. e4 Nbd7 5. f4 Qa5 6. Bd3 e5 7. fxe5 dxe5 8. d5
Bc5 9. Nf3 O-O 10. Qe2 Qb4 11. a3 Qb6 12. b4 Bd4 13. Bd2 Qc7 14. Rc1 Rd8 15. c5
Bxc3 16. Bxc3 cxd5 17. exd5 Nxd5 18. Bd2 f6 19. Bc4 Nf8 20. O-O Be6 21. Qe4 Qc6
22. Rfd1 Ne7 23. Bd3 Bb3 24. Bc2 Qxe4 25. Bxe4 Bxd1 26. Rxd1 Rd7 27. b5 Rc8 28.
Rc1 f5 29. Bb1 Rxd2 30. Nxd2 e4 31. Ba2+ Kh8 32. Kf2 Nd7 33. Nb3 Ne5 34. Bb1
Rd8 35. h3 Rd5 36. Ke3 b6 37. c6 Rxb5 38. Nd4 Nd5+ 39. Ke2 Rc5 40. Rxc5 bxc5
41. Nxf5 Nc3+ 42. Ke3 Nc4+ 43. Kf4 Nxb1 44. c7 Nb6 45. Kxe4 Nc3+ 46. Ke5 Nb5
47. a4 Nxc7 48. a5 Nc4+ 49. Ke4 Nxa5 50. Nd6 Nb3 51. Kd3 Nd4 52. Kc4 Nde6 53.
Ne4 Nf4 54. Kxc5 Nxg2 55. Kc6 Ne6 56. Kb5 Ngf4 57. h4 Nd4+ 58. Ka6 Nf3 59. Kxa7
Nxh4 60. Kb6 Nf3 61. Kc5 h5 62. Kd6 g5 63. Ke7 g4 64. Kf6 Ne2 65. Kf5 Kg7 66.
Nf2 g3 67. Nh3 g2 68. Ke4 Ng5+ 0-1

[Event "ICS rated standard match"]
[Site "204.178.125.65"]
[Date "2000.02.19"]
[Round "?"]
[White "Hossa"]
[Black "JaimeK"]
[Result "1-0"]
[WhiteElo "2208"]
[BlackElo "1820"]
[PlyCount "67"]

1. c4 c5 2. Nc3 b6 3. e3 Bb7 4. d4 cxd4 5. exd4 e6 6. Nf3 d6 7. Bd3 Nf6 8. O-O
Be7 9. Re1 O-O 10. d5 e5 11. Be3 a6 12. Qc2 Nbd7 13. Rad1 Qc7 14. Ng5 h6 15.
Nh7 Nxh7 16. Bxh7+ Kh8 17. Bf5 Nf6 18. Qb3 Bd8 19. Qa4 Rb8 20. Qb4 Bc8 21. Bxc8
Qxc8 22. Qxd6 Qxc4 23. Qxf8+ Kh7 24. Qxf7 Bc7 25. Rc1 Bd6 26. Qe6 Bb4 27. Qxe5
Re8 28. Qf5+ Kg8 29. Bxb6 Rxe1+ 30. Rxe1 Bxc3 31. bxc3 Qxc3 32. Rd1 Qb2 33. Bd4
Qe2 34. Qe6+ 1-0

[Event "ICS rated standard match"]
[Site "204.178.125.65"]
[Date "2000.02.19"]
[Round "?"]
[White "LIMITATIO2"]
[Black "Hossa"]
[Result "0-1"]
[WhiteElo "1842"]
[BlackElo "2211"]
[PlyCount "64"]

1. d4 e6 2. c4 Nf6 3. Nc3 Bb4 4. Qc2 O-O 5. Bg5 d5 6. cxd5 exd5 7. Nf3 Be6 8.
e3 h6 9. Bh4 Nbd7 10. Bd3 c6 11. O-O Re8 12. a3 Bd6 13. b4 g5 14. Bg3 Bxg3 15.
hxg3 g4 16. Nh4 Qe7 17. Bf5 a5 18. b5 c5 19. Bxe6 fxe6 20. dxc5 Nxc5 21. Rfc1
Rac8 22. a4 Nce4 23. Qb2 Qb4 24. Qxb4 axb4 25. Nxe4 Nxe4 26. Rxc8 Rxc8 27. Ng6
Rc2 28. Nf4 b3 29. Nd3 b2 30. Rb1 Rd2 31. Nxb2 Nc3 32. Rc1 Ne2+ 0-1

[Event "ICS rated standard match"]
[Site "204.178.125.65"]
[Date "2000.02.19"]
[Round "?"]
[White "Hossa"]
[Black "JaimeK"]
[Result "1-0"]
[WhiteElo "2214"]
[BlackElo "1826"]
[PlyCount "31"]

1. d4 d5 2. Nf3 Nf6 3. c4 e6 4. Nc3 Be7 5. cxd5 exd5 6. e3 O-O 7. Bd3 Bg4 8.
Qb3 c6 9. Qxb7 Bxf3 10. gxf3 Qb6 11. Qxe7 Re8 12. Bxh7+ Kxh7 13. Qxf7 Qxd4 14.
Rg1 Rg8 15. exd4 Na6 16. Rg3 1-0

[Event "ICS rated standard match"]
[Site "204.178.125.65"]
[Date "2000.02.19"]
[Round "?"]
[White "JaimeK"]
[Black "Hossa"]
[Result "0-1"]
[WhiteElo "1823"]
[BlackElo "2217"]
[PlyCount "56"]

1. d4 c6 2. c4 Nf6 3. Nf3 d5 4. Nc3 dxc4 5. a4 Qa5 6. Ne5 Be6 7. e3 Ne4 8. Qc2
Nd6 9. Bd2 f6 10. Ne4 Qd5 11. Nxd6+ exd6 12. Nxc4 f5 13. f3 f4 14. e4 Qxd4 15.
Bxf4 d5 16. Rd1 Bb4+ 17. Bd2 Qc5 18. exd5 cxd5 19. Bxb4 Qxb4+ 20. Nd2 O-O 21.
Bd3 Qh4+ 22. g3 Qh3 23. Bf1 Qh6 24. Bg2 Qe3+ 25. Kf1 Bf5 26. Ne4 Bxe4 27. Qd2
Rxf3+ 28. Bxf3 Qxf3+ 0-1

[Event "ICS rated bullet match"]
[Site "204.178.125.65"]
[Date "2000.02.19"]
[Round "?"]
[White "Hossa"]
[Black "Amphora"]
[Result "1-0"]
[WhiteElo "2364"]
[BlackElo "2490"]
[PlyCount "137"]

1. c4 d6 2. Nf3 e5 3. d4 Nc6 4. dxe5 Bg4 5. Qb3 Bxf3 6. exf3 Qc8 7. exd6 Bxd6
8. Be3 Nge7 9. Nc3 O-O 10. O-O-O a6 11. Bd3 b5 12. c5 Be5 13. Ne2 a5 14. f4 Bf6
15. Be4 Rb8 16. Rhe1 a4 17. Qd3 a3 18. bxa3 b4 19. a4 Ra8 20. Bxh7+ Kh8 21. Be4
Rxa4 22. Bxc6 Nxc6 23. Rd2 Qa6 24. Qxa6 Rxa6 25. Kd1 Na5 26. Bd4 Nc4 27. Rc2
Na3 28. Rb2 Bxd4 29. Nxd4 Nb5 30. Nxb5 Ra5 31. Rxb4 Rxa2 32. Nxc7 Rc8 33. Re7
Kg8 34. Ke1 Ra1+ 35. Kd2 Ra2+ 36. Ke3 Rd8 37. Rb3 Ra5 38. Rc3 Rc8 39. Re8+
Rxe8+ 40. Nxe8 Kf8 41. Nd6 Ke7 42. g4 g5 43. fxg5 f6 44. gxf6+ Kxf6 45. f4 Ke6
46. h4 Kd5 47. Ne4 Ra1 48. Rd3+ Kc6 49. Rd6+ Kb5 50. Rb6+ Kc4 51. f5 Re1+ 52.
Kf4 Rf1+ 53. Ke5 Ra1 54. g5 Ra8 55. h5 Re8+ 56. Re6 Rd8 57. Nd6+ Rxd6 58. Kxd6
Kd4 59. c6 Kc4 60. Ke5 Kd3 61. Kd5 Kd2 62. Kc4 Kc2 63. Re2+ Kd1 64. Kd3 Kc1 65.
Rf2 Kb1 66. Rc2 Ka1 67. Kc3 Kb1 68. Kb3 Ka1 69. Rc1# 1-0

[Event "ICS rated standard match"]
[Site "204.178.125.65"]
[Date "2000.02.19"]
[Round "?"]
[White "AnatKarp"]
[Black "Hossa"]
[Result "1-0"]
[WhiteElo "2318"]
[BlackElo "2220"]
[PlyCount "125"]

1. e4 g6 2. d4 Bg7 3. Nc3 d6 4. f4 Nf6 5. Nf3 d5 6. e5 Ne4 7. Nxe4 dxe4 8. Ng5
Qd5 9. c4 Qa5+ 10. Kf2 Bf5 11. c5 b5 12. Bd2 Qa4 13. Qxa4 bxa4 14. Bc4 f6 15.
Ne6 Bxe6 16. Bxe6 fxe5 17. fxe5 Nd7 18. Rhe1 Rd8 19. Bc3 Rf8+ 20. Kg1 Rf4 21.
g3 Rf3 22. Bg4 Rf8 23. Rxe4 h5 24. Be6 c6 25. Kg2 g5 26. h3 a6 27. Rb1 Bh6 28.
Ree1 Ra8 29. Bd2 Rh8 30. Rbd1 Nf8 31. Bc4 e6 32. Be2 h4 33. Bh5+ Kd8 34. Ba5+
Kc8 35. Re2 Rb8 36. Rf2 Rb7 37. Bf3 Kd7 38. Be4 Rb5 39. Bc3 Rb7 40. Rf7+ Kc8
41. Rdf1 Rxf7 42. Rxf7 a3 43. bxa3 hxg3 44. Kxg3 Kb8 45. Bd2 Rg8 46. Bxc6 Ng6
47. Rb7+ Kc8 48. Ra7 Rg7 49. Ra8+ Kc7 50. Be4 g4 51. Ba5+ Kd7 52. c6+ Ke7 53.
Bxg6 Rxg6 54. Ra7+ Ke8 55. c7 gxh3+ 56. Kf3 Kd7 57. Ra8 Ke7 58. c8=Q Rf6+ 59.
Ke2 Rf2+ 60. Kxf2 Be3+ 61. Kxe3 Kf7 62. Qg8+ Ke7 63. Ra7# 1-0

[Event "ICS rated blitz match"]
[Site "204.178.125.65"]
[Date "2000.02.19"]
[Round "?"]
[White "lwalter"]
[Black "Hossa"]
[Result "0-1"]
[WhiteElo "2106"]
[BlackElo "2456"]
[PlyCount "52"]

1. e4 c6 2. d4 d5 3. Nc3 dxe4 4. Nxe4 Nd7 5. Nf3 Ngf6 6. Ng3 e6 7. Bd3 c5 8. c3
cxd4 9. Nxd4 Be7 10. O-O O-O 11. Bc2 Qb6 12. b3 Rd8 13. Bg5 Qd6 14. Re1 Qa3 15.
Bxf6 Nxf6 16. Qd3 Rd5 17. Ne4 Nxe4 18. Qxe4 g6 19. c4 Rd8 20. Rad1 Qxa2 21. h4
Bb4 22. Re2 Bc5 23. Kh2 Qa6 24. h5 Qd6+ 25. f4 Bxd4 26. Red2 e5 0-1

[Event "ICS rated blitz match"]
[Site "204.178.125.65"]
[Date "2000.02.19"]
[Round "?"]
[White "PostModernist"]
[Black "Hossa"]
[Result "1-0"]
[WhiteElo "2516"]
[BlackElo "2460"]
[PlyCount "83"]

1. c4 e6 2. Nf3 c5 3. Nc3 Nc6 4. d4 cxd4 5. Nxd4 Bb4 6. Ndb5 Nge7 7. e4 O-O 8.
a3 Bxc3+ 9. Nxc3 f5 10. Bd3 d6 11. O-O Ne5 12. Be2 fxe4 13. Nxe4 d5 14. cxd5
exd5 15. Ng5 Bd7 16. Re1 Qb6 17. Be3 Qg6 18. f4 N5c6 19. Bf3 Qd6 20. Ne4 Qg6
21. Nc5 Be6 22. Nxe6 Qxe6 23. Bxa7 Qd6 24. Be3 Qd7 25. b4 g6 26. Bc5 Rfe8 27.
b5 Na5 28. Qd4 h6 29. Qf6 Nf5 30. Qxg6+ Kh8 31. Rxe8+ Rxe8 32. Bg4 Qxb5 33. Bf2
Qc6 34. Qxf5 Nb3 35. Rb1 Nd2 36. Qf7 Re5 37. fxe5 Nxb1 38. Qf8+ Kh7 39. Bf5+
Qg6 40. Qf7+ Kh8 41. Bxg6 Nxa3 42. Qf8# 1-0

[Event "ICS rated blitz match"]
[Site "204.178.125.65"]
[Date "2000.02.19"]
[Round "?"]
[White "Hossa"]
[Black "lwalter"]
[Result "1-0"]
[WhiteElo "2447"]
[BlackElo "2112"]
[PlyCount "39"]

1. e4 e6 2. d4 d5 3. e5 c5 4. c3 Nc6 5. Nf3 Qb6 6. a4 cxd4 7. cxd4 f6 8. Nc3
fxe5 9. dxe5 Bc5 10. Qc2 Nb4 11. Qd2 Ne7 12. a5 Qd8 13. Bb5+ Bd7 14. Na4 Qxa5
15. Bxd7+ Kxd7 16. O-O b6 17. Qg5 Qb5 18. Qxg7 Rhg8 19. Qxh7 Nc2 20. Qxc2 1-0

[Event "ICS rated standard match"]
[Site "204.178.125.65"]
[Date "2000.02.19"]
[Round "?"]
[White "Hossa"]
[Black "SPIKE-1"]
[Result "0-1"]
[WhiteElo "2192"]
[BlackElo "2655"]
[PlyCount "146"]

1. Nf3 d5 2. c4 c6 3. d4 Nf6 4. e3 Bf5 5. Bd3 Bxd3 6. Qxd3 e6 7. O-O Nbd7 8.
cxd5 exd5 9. Nc3 Bb4 10. a3 Bd6 11. e4 dxe4 12. Nxe4 Be7 13. Nxf6+ Nxf6 14. Qb3
Qc7 15. Re1 Nd5 16. Bg5 f6 17. Bh4 O-O 18. Re6 Bd6 19. Rae1 Rfd8 20. Bg3 Bxg3
21. hxg3 Qf7 22. R6e4 Rd7 23. g4 Rf8 24. Qa4 a6 25. Qc2 h6 26. R4e2 Re7 27.
Rxe7 Nxe7 28. Qc5 Nd5 29. Qa7 Nf4 30. Qb6 Qd7 31. Qb3+ Kh8 32. Qb4 Rg8 33. g3
Nd5 34. Qb3 Qxg4 35. Nh2 Qd7 36. Nf3 Rd8 37. Nh4 Kg8 38. Nf3 Rf8 39. Nd2 Rb8
40. Re4 Rd8 41. a4 f5 42. Rh4 Qe7 43. Nf3 Kh7 44. Ne5 g6 45. Qc2 Kg7 46. Qc1
Rh8 47. b3 Qb4 48. Qd1 Nc3 49. Qc2 Ne4 50. Nf3 Rd8 51. Qd1 Qc3 52. a5 Rd5 53.
b4 Qxb4 54. Qc1 g5 55. Rh5 Rxa5 56. d5 Rxd5 57. Kg2 Qb6 58. Qe1 Rb5 59. Ng1 Rb1
60. Rxg5+ hxg5 61. Qe3 Qxe3 62. fxe3 Rb2+ 63. Kf1 Nxg3+ 64. Ke1 g4 65. Kd1 Rg2
66. Ke1 b5 67. Kd1 b4 68. Kc1 b3 69. e4 Nxe4 70. Kd1 Rd2+ 71. Ke1 b2 72. Ne2
b1=Q+ 73. Nc1 Qxc1# 0-1

[Event "ICS rated bullet match"]
[Site "204.178.125.65"]
[Date "2000.02.20"]
[Round "?"]
[White "Hossa"]
[Black "undertaker1"]
[Result "1/2-1/2"]
[WhiteElo "2386"]
[BlackElo "2411"]
[PlyCount "115"]

1. Nf3 Nf6 2. d4 g6 3. c4 Bg7 4. Nc3 O-O 5. e4 d6 6. Bg5 h6 7. Bh4 g5 8. Bg3
Nh5 9. Be2 e6 10. Qc1 g4 11. Bh4 Bf6 12. Bxf6 Qxf6 13. e5 Qg7 14. Ng1 dxe5 15.
dxe5 Qxe5 16. Qxh6 Rd8 17. h3 Nf4 18. hxg4 Nd3+ 19. Kf1 Nf4 20. Nf3 Qg7 21.
Qxf4 e5 22. Qh2 Nc6 23. Ne1 Rd2 24. Nd5 Rxb2 25. Nxc7 e4 26. Rc1 Rxe2 27. Kxe2
Bxg4+ 28. Kf1 Rc8 29. Nd5 Be6 30. Qh5 Rd8 31. Nc7 Bg4 32. Qh4 f6 33. Nd5 Rd6
34. Ne3 Ne5 35. Kg1 Rd2 36. a4 f5 37. Nd5 Nc6 38. Nf6+ Kf8 39. g3 Ne5 40. Rh2
a5 41. c5 Rd4 42. Kg2 Bf3+ 43. Kf1 Kf7 44. Nxf3 Nxf3 45. Qh5+ Kxf6 46. Qh6+ Kf7
47. Qxg7+ Kxg7 48. Rh5 Kg6 49. Rh8 Rxa4 50. Rd1 Rc4 51. Rd6+ Kg7 52. Rb8 Rc1+
53. Kg2 Rg1+ 54. Kh3 Rh1+ 55. Kg2 Rg1+ 56. Kh3 Ng5+ 57. Kh2 Nf3+ 58. Kh3
1/2-1/2

[Event "ICS rated bullet match"]
[Site "204.178.125.65"]
[Date "2000.02.20"]
[Round "?"]
[White "undertaker1"]
[Black "Hossa"]
[Result "1-0"]
[WhiteElo "2410"]
[BlackElo "2387"]
[PlyCount "113"]

1. e4 Nf6 2. e5 Nd5 3. d4 d6 4. Nf3 Bg4 5. Be2 c6 6. O-O dxe5 7. dxe5 Nd7 8. c4
Nc7 9. Qd4 Bxf3 10. Bxf3 Ne6 11. Qe3 Qb6 12. Qc3 Nd4 13. Re1 e6 14. Re4 Nxf3+
15. Qxf3 Bc5 16. Qg3 O-O-O 17. Nc3 Rhf8 18. Re2 Qb4 19. Qg4 h5 20. Qh4 Nb6 21.
Bg5 Rd3 22. Ne4 Nd7 23. Nxc5 Nxc5 24. Be7 Re8 25. Bd6 Rd5 26. Qf4 f5 27. Qe3
Qxc4 28. Rc1 f4 29. Rxc4 fxe3 30. fxe3 Rd1+ 31. Kf2 Nd3+ 32. Kg3 g5 33. Rd4 Rd8
34. Be7 Rg8 35. Bf6 g4 36. Rd6 Re8 37. Kh4 g3 38. Kxg3 Kc7 39. Kh4 Re1 40. Rd2
Nb4 41. Rd8 Rxd8 42. Bxd8+ Kb8 43. Ba5 Nd5 44. Rxd5 cxd5 45. Bxe1 d4 46. exd4
Kc7 47. Kxh5 Kc6 48. Kg6 Kd5 49. h4 Kxd4 50. Bc3+ Ke4 51. h5 Kf4 52. Kf6 Kg4
53. h6 Kf4 54. h7 Kg3 55. h8=Q Kf4 56. Qh3 Ke4 57. Qf3# 1-0

[Event "ICS rated bullet match"]
[Site "204.178.125.65"]
[Date "2000.02.20"]
[Round "?"]
[White "Hossa"]
[Black "undertaker1"]
[Result "0-1"]
[WhiteElo "2372"]
[BlackElo "2425"]
[PlyCount "86"]

1. c4 Nf6 2. Nf3 g6 3. Nc3 Bg7 4. d4 O-O 5. e4 d6 6. Bg5 c5 7. dxc5 Qa5 8. Bd3
Qxc5 9. Qd2 Bg4 10. h3 Bxf3 11. gxf3 Nc6 12. Be2 Ne5 13. Nd5 Rfe8 14. Rc1 Qc6
15. Qf4 Nxd5 16. cxd5 Qa4 17. Qd2 Qxa2 18. Rc7 Qb3 19. Qc3 Qb6 20. Qc2 Nc6 21.
Rd7 Nd4 22. Qd2 e6 23. dxe6 Rxe6 24. Bd1 h6 25. Bh4 Nf5 26. Qd5 Nxh4 27. Rxb7
Qa6 28. Rg1 Qa1 29. Rb3 Rae8 30. Rg4 Nf5 31. Rb7 a5 32. Rd7 Qxb2 33. Kf1 Nd4
34. Qxa5 Qb1 35. Ke1 Nxf3+ 36. Ke2 Rxe4+ 37. Rxe4 Qxe4+ 38. Kf1 Nd2+ 39. Kg1
Qe1+ 40. Kg2 Qf1+ 41. Kg3 Qg1+ 42. Kh4 Bf6+ 43. Qg5 Qxg5# 0-1

[Event "ICS rated blitz match"]
[Site "204.178.125.65"]
[Date "2000.02.20"]
[Round "?"]
[White "Hossa"]
[Black "undertaker1"]
[Result "0-1"]
[WhiteElo "2451"]
[BlackElo "2319"]
[PlyCount "104"]

1. Nf3 Nf6 2. c4 g6 3. g3 Bg7 4. Bg2 O-O 5. d4 d6 6. Nc3 Nbd7 7. Bg5 h6 8. Bd2
e5 9. dxe5 Nxe5 10. Nxe5 dxe5 11. Qb3 c6 12. Rd1 Qe7 13. O-O Be6 14. Bc1 Rfc8
15. Qa4 Nd7 16. b3 Bf8 17. a3 Nc5 18. Qa5 b6 19. Nd5 bxa5 20. Nxe7+ Bxe7 21. b4
Nb3 22. c5 axb4 23. axb4 Nxc1 24. Rxc1 Rab8 25. Rb1 Rb5 26. Rfc1 a5 27. bxa5
Rxa5 28. Rb6 Bd5 29. Bxd5 cxd5 30. c6 Bc5 31. Rb7 Rxc6 32. Kg2 d4 33. h4 Kg7
34. Rd7 Kf6 35. f4 Ke6 36. Rd8 f6 37. fxe5 fxe5 38. Rh8 h5 39. Rc2 Ra3 40. Re8+
Kd5 41. Rd8+ Ke4 42. Rd7 Rc3 43. Rb2 Ba3 44. Ra2 Bc1 45. Rda7 Rf6 46. Ra8 Be3
47. Kh3 Rf2 48. Ra1 Rxe2 49. R8a6 Rcc2 50. Rh1 Bg1 51. Rxg6 Rh2+ 52. Rxh2 Rxh2#
0-1

[Event "ICS rated blitz match"]
[Site "204.178.125.65"]
[Date "2000.02.20"]
[Round "?"]
[White "undertaker1"]
[Black "Hossa"]
[Result "1-0"]
[WhiteElo "2341"]
[BlackElo "2429"]
[PlyCount "129"]

1. e4 d5 2. exd5 Nf6 3. d4 Nxd5 4. c4 Nb6 5. Nf3 Bg4 6. c5 Nd5 7. Qb3 Nc6 8.
Qxb7 Ndb4 9. Bb5 Bd7 10. Bxc6 Nxc6 11. Qa6 Nb4 12. Qc4 Rb8 13. a3 Be6 14. Qe2
Nc6 15. Qe3 g6 16. O-O Bg7 17. Rd1 Bb3 18. Rd2 O-O 19. Ne5 Na5 20. Qc3 c6 21.
Re2 Bd1 22. Re1 Bxe5 23. dxe5 Rb3 24. Qd2 Rd3 25. Qg5 Nb3 26. Ra2 Bc2 27. Nc3
Nd4 28. Rf1 Bb3 29. Ra1 Nc2 30. Rb1 Bc4 31. Be3 Nxa3 32. Rbd1 Nb5 33. Rxd3 Bxd3
34. Rc1 Nxc3 35. Rxc3 Be2 36. Rc1 Qc7 37. Re1 Bc4 38. f3 Rb8 39. Qf4 Bd3 40.
Bd4 Rd8 41. Rd1 Bc2 42. Rd2 Qa5 43. Qe3 Bb3 44. Bc3 Qa1+ 45. Kf2 Re8 46. e6 f6
47. Bxf6 Bc4 48. Bc3 Qf1+ 49. Kg3 Rf8 50. Qe5 Rf6 51. Rd8+ Kg7 52. Re8 Qc1 53.
Rxe7+ Kh6 54. Rxh7+ Kxh7 55. Qxf6 Qxc3 56. bxc3 Bxe6 57. Qxe6 Kg7 58. Qxc6 a5
59. Qd7+ Kh6 60. c6 Kg5 61. Qd8+ Kf5 62. c7 g5 63. c8=Q+ Kg6 64. Qg8+ Kh5 65.
Qh7# 1-0

[Event "ICS rated blitz match"]
[Site "204.178.125.65"]
[Date "2000.02.20"]
[Round "?"]
[White "Hossa"]
[Black "undertaker1"]
[Result "0-1"]
[WhiteElo "2409"]
[BlackElo "2361"]
[PlyCount "126"]

1. e4 e5 2. Nc3 Nf6 3. g3 d5 4. exd5 Nxd5 5. Bg2 Nxc3 6. bxc3 Bd6 7. Ne2 O-O 8.
O-O c6 9. f4 exf4 10. Nxf4 Bf5 11. d4 Re8 12. Rb1 b6 13. Rf2 Qd7 14. Qf1 Be4
15. Bxe4 Rxe4 16. Nh3 f6 17. Bf4 Bxf4 18. Nxf4 Re3 19. Rb3 Qe7 20. Qc4+ Kh8 21.
Ng2 Re6 22. Rb1 b5 23. Qb3 Nd7 24. c4 a6 25. Rbf1 Nb6 26. d5 cxd5 27. cxd5 Re5
28. Nf4 Rd8 29. Rd1 Rd6 30. Qf3 g5 31. Nd3 Re3 32. Qg4 Re4 33. Qf3 Nxd5 34.
Rdf1 g4 35. Qh1 Rde6 36. h3 Qd6 37. Qh2 Ne3 38. Re1 Qd4 39. Rc1 gxh3 40. Qxh3
Ng4 41. Kf1 Nxf2 42. Nxf2 Qc4+ 43. Nd3 Qxa2 44. Qh6 Kg8 45. Qh5 Qc4 46. Qc5 Re8
47. Qf5 Re3 48. Kg2 Re2+ 49. Kf1 Rxc2 50. Rxc2 Qxc2 51. Qd7 Qd1+ 52. Kg2 Re2+
53. Kf3 Re1+ 54. Kg2 Rg1+ 55. Kf2 Rf1+ 56. Ke3 Rf3+ 57. Ke4 Qe2+ 58. Kd5 Rxd3+
59. Kc6 Qc2+ 60. Kb6 Rxd7 61. g4 Qc7+ 62. Kxa6 Qc5 63. g5 Ra7# 0-1

[Event "ICS rated blitz match"]
[Site "204.178.125.65"]
[Date "2000.02.20"]
[Round "?"]
[White "undertaker1"]
[Black "Hossa"]
[Result "1/2-1/2"]
[WhiteElo "2379"]
[BlackElo "2391"]
[PlyCount "172"]

1. e4 c6 2. d4 d5 3. Nc3 dxe4 4. Nxe4 Nd7 5. Bc4 Ngf6 6. Ng5 e6 7. Qe2 Nb6 8.
Bd3 h6 9. N5f3 c5 10. dxc5 Bxc5 11. Ne5 Nbd7 12. Ngf3 Qc7 13. O-O O-O 14. Bf4
Bd6 15. Nxd7 Bxd7 16. Bxd6 Qxd6 17. Ne5 Rfd8 18. Rad1 Qb4 19. c4 Ba4 20. b3 Bc6
21. Qe3 Qa5 22. a4 Qb4 23. f4 Be8 24. Bc2 Nd7 25. Nxd7 Bxd7 26. Kh1 a5 27. Qe4
g6 28. Qe3 Qf8 29. Kg1 Rac8 30. Rd4 Qc5 31. Rfd1 Be8 32. Kf2 Rxd4 33. Rxd4 Qb6
34. Rd2 Qxe3+ 35. Kxe3 Rb8 36. h4 f6 37. g4 Kf7 38. g5 hxg5 39. hxg5 fxg5 40.
fxg5 b6 41. Rf2+ Kg7 42. Be4 Rd8 43. Rc2 Rd1 44. c5 Re1+ 45. Kd4 e5+ 46. Kd5
bxc5 47. Rxc5 Bf7+ 48. Kxe5 Bxb3 49. Kd4 Rd1+ 50. Ke5 Re1 51. Rc7+ Kf8 52. Kd4
Rd1+ 53. Ke3 Rd6 54. Ra7 Bxa4 55. Kf4 Re6 56. Rxa5 Bd7 57. Ra7 Rd6 58. Bxg6
Rxg6 59. Rxd7 Kg8 60. Kf5 Rc6 61. g6 Rc5+ 62. Kf6 Rc6+ 63. Kg5 Rc5+ 64. Kh6 Rc8
65. Rg7+ Kh8 66. Re7 Kg8 67. Rd7 Re8 68. Rc7 Rf8 69. Rg7+ Kh8 70. Ra7 Kg8 71.
Ra6 Re8 72. g7 Rd8 73. Rb6 Re8 74. Rd6 Rc8 75. Rf6 Rd8 76. Rc6 Re8 77. Rb6 Rd8
78. Kg6 Rc8 79. Kf6 Rd8 80. Re6 Rc8 81. Rd6 Re8 82. Rc6 Rd8 83. Rc7 Rd6+ 84.
Ke7 Rg6 85. Kd8 Rxg7 86. Rxg7+ Kxg7 1/2-1/2

[Event "ICS rated blitz match"]
[Site "204.178.125.65"]
[Date "2000.02.20"]
[Round "?"]
[White "Hossa"]
[Black "undertaker1"]
[Result "0-1"]
[WhiteElo "2390"]
[BlackElo "2380"]
[PlyCount "172"]

1. d4 Nf6 2. c4 e6 3. Nf3 b6 4. g3 Ba6 5. Nbd2 Bb7 6. Bg2 c5 7. O-O cxd4 8. Nb3
Be7 9. Nbxd4 O-O 10. b3 d6 11. Bb2 Nbd7 12. a4 Be4 13. Nb5 Nc5 14. Nc3 Bb7 15.
b4 Na6 16. Qb3 Rc8 17. a5 d5 18. cxd5 Nxd5 19. axb6 Qxb6 20. b5 Nac7 21. Rab1
Nxc3 22. Bxc3 Be4 23. Bd4 Qb7 24. Rb2 Rfd8 25. Be5 Rd5 26. Bxc7 Rxc7 27. Qa4
Rdd7 28. Nh4 Bxg2 29. Nxg2 Bf6 30. Rbb1 Rd4 31. Qa5 Rc2 32. b6 axb6 33. Rxb6
Qd7 34. Rb8+ Bd8 35. Nf4 h6 36. Qa8 e5 37. Nd3 Rxe2 38. Nc5 Qe8 39. Nb3 Rd7 40.
Qc6 Qe7 41. Nc5 Rd6 42. Qa8 Rd4 43. Nb3 Rd7 44. Na5 Qe8 45. Nc6 Red2 46. Re1 f6
47. Rc8 Kh7 48. Kg2 Qf8 49. Kh3 Kh8 50. Re3 Qe8 51. Kg2 Qg8 52. Nb4 Qe6 53. Rf3
e4 54. Rf4 e3 55. Qc6 Qe5 56. Nc2 exf2 57. Qc4 R7d3 58. Qe4 Qxe4+ 59. Rxe4 Rf3
60. Rxd8+ Kh7 61. Kf1 Rxd8 62. Nd4 f5 63. Rh4 Ra3 64. Ne2 Ra1+ 65. Kxf2 Ra2 66.
Rf4 Re8 67. Kf3 Rexe2 68. h4 Rf2+ 69. Ke3 Rxf4 70. gxf4 Rh2 71. h5 Rxh5 72. Kd4
Rh1 73. Ke5 Kg6 74. Kd5 Rd1+ 75. Kc4 h5 76. Kc3 h4 77. Kc2 Rd4 78. Kc3 Rxf4 79.
Kd3 Re4 80. Kc3 h3 81. Kd3 h2 82. Kc3 h1=Q 83. Kc2 Re3 84. Kd2 Qe1+ 85. Kc2
Qf2+ 86. Kd1 Re1# 0-1

[Event "ICS rated blitz match"]
[Site "204.178.125.65"]
[Date "2000.02.20"]
[Round "?"]
[White "undertaker1"]
[Black "Hossa"]
[Result "1-0"]
[WhiteElo "2396"]
[BlackElo "2374"]
[PlyCount "131"]

1. e4 e5 2. Nf3 Nf6 3. Nxe5 d6 4. Nf3 Nxe4 5. d4 d5 6. Bd3 Bd6 7. O-O O-O 8. c4
c6 9. Nc3 Nxc3 10. bxc3 dxc4 11. Bxc4 Bg4 12. Qd3 Nd7 13. Ng5 Nf6 14. h3 Bh5
15. f4 h6 16. Nf3 Bxf3 17. Qxf3 Re8 18. Qd3 Ne4 19. Re1 Qe7 20. Rb1 Rad8 21.
Rb2 Kh8 22. f5 Bg3 23. Ree2 b5 24. Bb3 Qh4 25. Bxf7 Re7 26. Bg6 Rdd7 27. Qf3
Rc7 28. Rbc2 a5 29. Ba3 Ng5 30. Qg4 Qxg4 31. hxg4 Re4 32. Rxe4 Nxe4 33. Re2 Nf6
34. Bc1 Rc8 35. g5 hxg5 36. Bxg5 Nd5 37. Kf1 Kg8 38. Re4 Rf8 39. Bd2 b4 40.
cxb4 axb4 41. Ke2 Bd6 42. Re6 Rf6 43. g4 Bf4 44. Be8 Bxd2 45. Kxd2 Rxe6 46.
fxe6 Nc7 47. Bxc6 Nxe6 48. Bd5 Kf7 49. Kd3 Ke7 50. Bxe6 Kxe6 51. Kc4 Kf6 52.
Kxb4 Ke6 53. Kc5 Kf6 54. d5 Ke7 55. d6+ Kd7 56. a4 g6 57. a5 Ke6 58. a6 Ke5 59.
a7 Kf4 60. d7 Kg3 61. d8=Q Kf2 62. Qd4+ Kg3 63. Qe3+ Kh4 64. a8=Q Kxg4 65. Qg2+
Kf5 66. Qgg5# 1-0

[Event "ICS rated blitz match"]
[Site "204.178.125.65"]
[Date "2000.02.20"]
[Round "?"]
[White "krisantetno"]
[Black "Hossa"]
[Result "0-1"]
[WhiteElo "1981"]
[BlackElo "2359"]
[PlyCount "32"]

1. Nf3 e6 2. c4 d5 3. d4 Be7 4. Nc3 Nf6 5. e3 O-O 6. Be2 dxc4 7. Kf1 c5 8. Bxc4
cxd4 9. Nxd4 e5 10. Nc2 Qxd1+ 11. Nxd1 Bf5 12. Ne1 Rd8 13. Bb3 Nc6 14. Nf3 Na5
15. Ba4 b5 16. Nh4 bxa4 0-1

[Event "ICS rated blitz match"]
[Site "204.178.125.65"]
[Date "2000.02.20"]
[Round "?"]
[White "Hossa"]
[Black "krisantetno"]
[Result "1-0"]
[WhiteElo "2362"]
[BlackElo "1978"]
[PlyCount "65"]

1. e4 Nc6 2. Nf3 e5 3. Bc4 Bc5 4. d3 Nf6 5. O-O O-O 6. Be3 Bxe3 7. fxe3 d5 8.
exd5 Nxd5 9. Qe1 Nb6 10. Na3 Nxc4 11. Nxc4 Re8 12. e4 b5 13. Ne3 Nd4 14. Qf2
Be6 15. Nxe5 f6 16. Nf3 Nxf3+ 17. Qxf3 Qd7 18. b3 a5 19. a4 bxa4 20. Rxa4 Qb5
21. Qg3 Ra7 22. Rxf6 Bd7 23. Ra1 Kh8 24. Rf7 Rg8 25. Raf1 Be6 26. Rxc7 Rxc7 27.
Qxc7 a4 28. Qd6 Bd7 29. bxa4 Qxa4 30. c4 Qc6 31. Qxc6 Bxc6 32. Ng4 Rd8 33. Ne5
1-0

[Event "ICS rated blitz match"]
[Site "204.178.125.65"]
[Date "2000.02.20"]
[Round "?"]
[White "krisantetno"]
[Black "Hossa"]
[Result "0-1"]
[WhiteElo "1975"]
[BlackElo "2365"]
[PlyCount "60"]

1. Nf3 e6 2. d4 d5 3. c4 dxc4 4. Nc3 Bb4 5. e3 b5 6. a4 c6 7. Be2 Nf6 8. O-O
Bd7 9. axb5 cxb5 10. Ne5 a5 11. Bf3 Ra7 12. e4 O-O 13. Re1 Bxc3 14. bxc3 Nc6
15. Ba3 Re8 16. Bc5 Ra6 17. Nxd7 Nxd7 18. Bd6 Nf6 19. e5 Nd5 20. Bxd5 exd5 21.
Qf3 Ne7 22. Reb1 Qd7 23. Rb2 Qc6 24. Rab1 Rb6 25. Bc5 Rb7 26. Ra1 a4 27. Rb4
Ng6 28. Rab1 Nxe5 29. Qg3 Nd3 30. Qd6 Nxb4 0-1